000 00574nam a2200241 a 4500
001 nice12345678
003 IN_TiNIC
005 20260116011949.0
008 050524s1901 dela grp 000 0 urd
020 _a
_c100
082 0 0 _a891.41
_bHAZ
100 _aHaziq, Mohd Hussain
245 _aQulzam-E-Matam
260 _aDelhi
_bPayam-E-mashriq Book Depot
_c1901
300 _a236p
500 _aincludes index and biblioraphy
505 2 _aIndex
650 _aUrdu-Poetry
700 1 _aHaziq, Mohd Hussain
902 _bSRS
942 _cBK
999 _c5085
_d5085